তর্কশাস্ত্র = (Logic) / (Record no. 56964)
[ view plain ]
| 000 -LEADER | |
|---|---|
| fixed length control field | 00790nam a2200217 a 4500 |
| 001 - CONTROL NUMBER | |
| control field | 56964 |
| 003 - CONTROL NUMBER IDENTIFIER | |
| rucl marc code | BD-RjUL |
| 005 - DATE AND TIME OF LATEST TRANSACTION | |
| control field | 20211209080444.0 |
| 008 - FIXED-LENGTH DATA ELEMENTS--GENERAL INFORMATION | |
| fixed length control field | 161205s1981 ii ||||| |||| 00| 0 ben d |
| 035 ## - SYSTEM CONTROL NUMBER | |
| System control number | (BD-RjUL)57088 |
| 040 ## - CATALOGING SOURCE | |
| Original cataloging agency | BD-RjUL |
| Language of cataloging | ben |
| Transcribing agency | BD-RjUL |
| Modifying agency | BD-RjUL |
| 041 ## - LANGUAGE CODE | |
| Language code of text/sound track or separate title | ben |
| 082 ## - DEWEY DECIMAL CLASSIFICATION NUMBER | |
| Edition number | 23 |
| Classification number | 160 |
| Author mark and year | MUS 1981 |
| 100 ## - MAIN ENTRY--PERSONAL NAME | |
| Personal name | মুন্সী, রমেশ চন্দ্র |
| 9 (RLIN) | 124638 |
| 245 10 - TITLE STATEMENT | |
| Title | তর্কশাস্ত্র = (Logic) / |
| Statement of responsibility, etc. | রমেশ চন্দ্র মুন্সী |
| 260 ## - PUBLICATION, DISTRIBUTION, ETC. (IMPRINT) | |
| Place of publication, distribution, etc. | কলিকাতা : |
| Name of publisher, distributor, etc. | বৈকুন্ঠ বুক হাউস, |
| Date of publication, distribution, etc. | ১৯৮১ |
| 300 ## - PHYSICAL DESCRIPTION | |
| Pagination | [৪], ৩০২ পৃ. ; |
| Size | ১৯ সেমি. |
| 650 ## - SUBJECT ADDED ENTRY--TOPICAL TERM | |
| Topical term or geographic name as entry element | Logic |
| 9 (RLIN) | 124624 |
| Topical term or geographic name as entry element | যুক্তিবিদ্যা |
| 9 (RLIN) | 124625 |
| 942 ## - ADDED ENTRY ELEMENTS (KOHA) | |
| Source of classification or shelving scheme | Dewey Decimal Classification |
| Koha item type | Books |
| Lost status | Source of classification or shelving scheme | Damaged status | Not for loan | Collection code | Permanent Location | Current Location | Shelving location | Date acquired | Source of acquisition | Cost, normal purchase price | Total Checkouts | Full call number | Date last seen | Copy number | Koha item type |
|---|---|---|---|---|---|---|---|---|---|---|---|---|---|---|---|
| Dewey Decimal Classification | Not For Loan | Non-fiction | Central Library, University of Rajshahi | Central Library, University of Rajshahi | Reading Room | 07/07/1982 | Alighor library, Rajshahi. | 64.00 | B 160 MUS 1981 | 05/12/2016 | C-1 | Books |